Miracles in sin city. (Record no. 16542)

000 -LEADER
fixed length control field 00507nam a2200169 a 4500
001 - CONTROL NUMBER
control field :::00019514$&:&@@
003 - CONTROL NUMBER IDENTIFIER
control field OkBaRHE
005 - DATE AND TIME OF LATEST TRANSACTION
control field 20100331133057.0
008 - FIXED-LENGTH DATA ELEMENTS--GENERAL INFORMATION
fixed length control field s1980 j 000 0 eng u
040 ## - CATALOGING SOURCE
Transcribing agency
100 1# - MAIN ENTRY--PERSONAL NAME
Personal name Cooper, Howard
245 10 - TITLE STATEMENT
Title Miracles in sin city.
260 ## - PUBLICATION, DISTRIBUTION, ETC. (IMPRINT)
Place of publication, distribution, etc Orange, California
Name of publisher, distributor, etc Christian Resource Associates
Date of publication, distribution, etc 1980
300 ## - PHYSICAL DESCRIPTION
Extent 169 p.
942 ## - ADDED ENTRY ELEMENTS (KOHA)
Source of classification or shelving scheme
Koha item type Books
Copies
Lost status Shelving location Source of classification or shelving scheme Copy number Date last seen Damaged status Date acquired Not for loan Permanent Location Price effective from Barcode Full call number Koha item type Withdrawn status
 General Stacks 12010-04-14 2010-04-14 RHEMA Bible Training College2010-04-1419514BV 4935 .C637 A35Books